Adivina el juego - Estadísticas

Estadísticas generales
  • Esta prueba ha sido intentada 29 veces
  • La puntuación promedio es 22 de 27
Estadísticas de respuestas
Imagen Respuesta % Correcto
FIFA
100%
Minecraft
100%
Pokémon
100%
Los Sims
96%
The Legend of Zelda
96%
Among Us
92%
Fortnite
92%
Grand Theft Auto
92%
Mario Kart
92%
The Last of Us
92%
Candy Crush Saga
88%
Clash Royale
88%
New Super Mario Bros
88%
Call of Duty
84%
Clash Of Clans
84%
League of Legends
84%
Rocket League
84%
Animal Crossing
80%
Subway Surfers
80%
Wii Sports
80%
Brawl Stars
72%
Roblox
72%
Valorant
72%
Free Fire
64%
Counter-Strike
60%
Portal
36%
Elden Ring
24%
No se encontraron pruebas coincidentes
Distribución de puntuación
Porcentaje de gente con cada puntuación
Porcentaje por número respondido
Historial de tus puntuaciones
No has intentado esta prueba.